PDC World Youth Championship Darts Winners - Statistics

General Stats
  • This quiz has been taken 8 times
  • The average score is 8 of 15
Answer Stats
Year Country Winner % Correct
2025 Netherlands Gian van Veen
88%
2024 Netherlands Gian van Veen
88%
2023 England Luke Littler
88%
2018 Belgium Dimitri van den Bergh
75%
2017 Belgium Dimitri van den Bergh
75%
2020 England Bradley Brooks
63%
2022 Northern Ireland Josh Rock
63%
2013 England Michael Smith
63%
2015 Germany Max Hopp
50%
2016 Australia Corey Cadby
38%
2019 England Luke Humphries
38%
2011 England Arron Monk
25%
2012 England James Hubbard
25%
2014 England Keegan Brown
25%
2021 England Ted Evetts
25%
No matching quizzes found
Score Distribution
Percent of People with Each Score
Percentile by Number Answered
Your Score History
You have not taken this quiz